00898cam a2200241 i 450000100060000000300080000600500170001400800410003102000150007203500190008704000320010604100080013808200200014610000330016624500680019926000500026730000360031750001050035350000740045865000560053265000500058870000180063819846BD-RjUL20211209000503.0140225r19071955nyuc 000 0 eng d a0404145531 a(BD-RjUL)19907 aDLCcDLCdDLCdBD-RjULbeng aeng00a821.3bHEP 19551 aHerbert, George,d1593-1633.04aThe poems of George Herbert /cwith an introd. by Arthur Waugh. aNew York :bAMS Press,c1907 [Reprinted 1955] axxiii,277 p. :bport. ;c18 cm. aComplete, comprising Herbert's English poems, collectively known as The temple, and his Latin poems. aReprint of the 1907 ed. published by Oxford University Press, London. 0aChristian poetry, EnglishyEarly modern, 1500-1700. 0aChristian poetry, Latin (Medieval and modern)1 aWaugh, Arthur